000 00588nam a2200181Ia 4500
008 090123s9999 xx 000 0 und d
082 _b36141
100 _aभारद्वाज मंदाकिनी
245 _aबीज अंकुरले
250 _a0
260 _bशिवम प्रकाशन
_c2003
300 _a279
600 _aभारद्वाज मंदाकिनी
630 _aबीज अंकुरले
700 _aभारद्वाज मंदाकिनी
730 _aबीज अंकुरले
942 _cBOOK
999 _c74208
_d74208